Legal Assumption of Contractual Insurance in Travel Agencies
Aktuálne problémy v oblasti poistenia prevádzkovateľov cestovného ruchu v podmienkach Slovenskej republiky. Teoretická podstata poistenia. Konkretizácia poistenia v podmienkach cestovných kancelárií. Charakteristika právnych predpokladov podnikania cestovných kancelárií.
Enregistré dans:
| Auteur principal: | |
|---|---|
| Autres auteurs: | |
| Format: | Chapitre de livre |
| Langue: | anglais |
| Sujets: | |
| Tags: |
Pas de tags, Soyez le premier à ajouter un tag!
|
MARC
| LEADER | 00000naa$a2200000$$$4500 | ||
|---|---|---|---|
| 001 | 0027816 | ||
| 005 | 20240502083123.5 | ||
| 041 | 0 | |a eng | |
| 044 | |a CZ | ||
| 245 | 1 | 0 | |a Legal Assumption of Contractual Insurance in Travel Agencies |c Anna Majtánová, Mária Bláhová |
| 520 | |a Aktuálne problémy v oblasti poistenia prevádzkovateľov cestovného ruchu v podmienkach Slovenskej republiky. Teoretická podstata poistenia. Konkretizácia poistenia v podmienkach cestovných kancelárií. Charakteristika právnych predpokladov podnikania cestovných kancelárií. | ||
| 610 | 2 | 0 | |a poistenie zmluvné |
| 610 | 2 | 0 | |a kancelárie cestovné |
| 610 | 2 | 0 | |a ruch cestovný |
| 610 | 2 | 0 | |a Slovensko |
| 610 | 2 | 0 | |a harmonizácia |
| 610 | 2 | 0 | |a Európska únia |
| 610 | 2 | 0 | |a legislatíva |
| 610 | 2 | 0 | |a podnikanie |
| 610 | 2 | 0 | |a riziko |
| 100 | 1 | |a Majtánová, Anna | |
| 700 | 1 | |a Bláhová, Mária | |